[Event "Top16"]
[Site "Evry"]
[Date "2004.04.01"]
[Round "4"]
[White "Roumegous, Marina"]
[Black "Koch, Jean-Rene"]
[Result "1-0"]
[WhiteElo "2195"]
[BlackElo "2445"]
[PlyCount "131"]
[EventDate "2004.04.02"]
[WhiteTeam "Evry"]
[BlackTeam "Mulhouse"]

1. d4 d5 2. Bg5 c6 3. e3 Qb6 4. Qc1 Bf5 5. Nf3 Nd7 6. c4 Ngf6 7. Nc3 Ne4 8.
Nxe4 Bxe4 9. c5 Qa5+ 10. Qd2 Qd8 11. Bh4 f6 12. Be2 e5 13. b4 Be7 14. Bg3 O-O
15. O-O Qe8 16. Rad1 Bd8 17. Ne1 Bg6 18. Qb2 Bc7 19. a4 a6 20. Rd2 Qe6 21. Nd3
Bb8 22. Rc1 Re8 23. Bf1 Nf8 24. Qb3 Bxd3 25. Bxd3 e4 26. Bf1 f5 27. b5 axb5 28.
axb5 g5 29. Bxb8 Raxb8 30. Qd1 Re7 31. Rb2 Rc8 32. Rcb1 f4 33. Be2 Qf6 34. bxc6
bxc6 35. Rb7 Rcc7 36. Rxc7 Rxc7 37. Rb8 f3 38. gxf3 exf3 39. Bd3 Kg7 40. Qb1
Rf7 41. Rb7 Ng6 42. Rxf7+ Qxf7 43. h3 Qd7 44. Bf5 Qa7 45. Bc8 Kh6 46. Qf5 Qa2
47. Qd3 Qe2 48. Ba6 Qe1+ 49. Qf1 Qd2 50. Bb7 Ne7 51. Ba6 Kg7 52. Qd3 Qe1+ 53.
Qf1 Qa5 54. Bd3 h5 55. Kh1 Qd2 56. Kh2 h4 57. Kg1 Kf6 58. Qb1 g4 59. hxg4 h3
60. Qf1 Kg5 61. Kh2 Kxg4 62. Qxh3+ Kg5 63. Qg3+ Kh6 64. Qh4+ Kg7 65. Qxe7+ Kh6
66. Qf6+ 1-0

[Event "Top16"]
[Site "Evry"]
[Date "2004.04.01"]
[Round "4"]
[White "Muller, Anne"]
[Black "Simon, Olivier"]
[Result "0-1"]
[WhiteElo "2227"]
[BlackElo "2295"]
[PlyCount "118"]
[EventDate "2004.04.02"]
[WhiteTeam "Mulhouse"]
[BlackTeam "Evry"]

1. e4 c5 2. Nf3 d6 3. d4 cxd4 4. Nxd4 Nf6 5. Nc3 a6 6. Be2 e5 7. Nb3 Be7 8. O-O
O-O 9. Be3 b6 10. f4 Nbd7 11. Kh1 Bb7 12. Bf3 Rc8 13. a4 Re8 14. Qd2 Bf8 15.
Rae1 Qc7 16. Qf2 b5 17. axb5 axb5 18. fxe5 dxe5 19. Rc1 b4 20. Ne2 Nc5 21. Nxc5
Bxc5 22. Ng3 Bxe3 23. Qxe3 Qc5 24. Qg5 h6 25. Qh4 Ba6 26. Be2 Bxe2 27. Nxe2 Qe3
28. Ng3 Qg5 29. Qxg5 hxg5 30. Kg1 Red8 31. Rf5 Rd2 32. Rxe5 Rcxc2 33. Rxc2 Rxc2
34. Rxg5 Rxb2 35. Rb5 Ng4 36. Rf5 Ne3 37. Rf3 Rb1+ 38. Kf2 Ng4+ 39. Ke2 Rb2+
40. Kd1 Nxh2 41. Re3 Ng4 42. Re2 Rb3 43. Nf5 Rd3+ 44. Kc2 Rc3+ 45. Kb1 b3 46.
Kb2 Rd3 47. e5 g6 48. Nd6 Ne3 49. Kc1 Kf8 50. g3 g5 51. Rh2 Kg7 52. Kb1 Ng4 53.
Re2 Kg6 54. Kb2 Nxe5 55. Rxe5 Rxd6 56. Re3 Rb6 57. Rf3 f5 58. Rf2 Rb5 59. Rh2
Re5 0-1

[Event "Top16"]
[Site "Evry"]
[Date "2004.04.01"]
[Round "4"]
[White "Nezar, Mustapha"]
[Black "Agrest, Evgenij"]
[Result "1/2-1/2"]
[WhiteElo "2396"]
[BlackElo "2616"]
[PlyCount "205"]
[EventDate "2004.04.02"]
[WhiteTeam "Nancy"]
[BlackTeam "Nice"]

1. d4 Nf6 2. c4 e6 3. Nf3 b6 4. g3 Ba6 5. Qa4 Be7 6. Bg2 c6 7. O-O O-O 8. Nc3
d5 9. Ne5 Qe8 10. cxd5 cxd5 11. Qxe8 Rxe8 12. Bd2 Nbd7 13. Nxd7 Nxd7 14. Rfc1
Rac8 15. Bf1 Nb8 16. e3 Bxf1 17. Kxf1 Nc6 18. Ke2 Red8 19. Rc2 a6 20. Rcc1 b5
21. a3 e5 22. dxe5 d4 23. Ne4 d3+ 24. Kd1 Nxe5 25. Rxc8 Rxc8 26. Rc1 Nc4 27.
Bc3 a5 28. Bd4 a4 29. Nd2 f5 30. Ke1 Kf7 31. Rc3 Bf6 32. Nf3 Ra8 33. Bxf6 Kxf6
34. Nd4 Rb8 35. b4 d2+ 36. Ke2 Rd8 37. h4 g6 38. Kd1 Rd5 39. Ke2 h6 40. Kd1 g5
41. hxg5+ hxg5 42. Ke2 Rd7 43. Rc2 f4 44. gxf4 gxf4 45. Rxc4 bxc4 46. Kxd2 Ke5
47. Kc3 fxe3 48. fxe3 Kd5 49. Ne2 Rc7 50. Nf4+ Ke5 51. b5 Rc8 52. b6 Kd6 53. b7
Rb8 54. Kxc4 Rxb7 55. Nd5 Kc6 56. Nc3 Rb3 57. Nxa4 Rxe3 58. Nc3 Rh3 59. Kb4
Rh4+ 60. Kb3 Kc5 61. Na4+ Kb5 62. Nc3+ Kc6 63. Na4 Rg4 64. Nc3 Kc5 65. Na4+ Kd4
66. Kb4 Rg2 67. Nb6 Rb2+ 68. Ka5 Rb1 69. a4 Kc5 70. Nd7+ Kd6 71. Nb6 Kc6 72.
Nc8 Kc5 73. Nb6 Kc6 74. Nc8 Rb8 75. Na7+ Kc5 76. Ka6 Rb4 77. Ka5 Rh4 78. Ka6
Rxa4+ 79. Kb7 Rh4 80. Nc8 Rh7+ 81. Kb8 Rd7 82. Na7 Kb6 83. Nc8+ Ka6 84. Ka8 Rb7
85. Nd6 Rb1 86. Nc8 Rb4 87. Ne7 Rc4 88. Kb8 Kb6 89. Nc8+ Kc6 90. Na7+ Kd7 91.
Kb7 Rb4+ 92. Ka6 Kd6 93. Nb5+ Kc5 94. Na7 Rb6+ 95. Ka5 Rb7 96. Ka6 Rh7 97. Nc8
Rg7 98. Na7 Rc7 99. Nb5 Rc6+ 100. Ka5 Rc8 101. Na7 Ra8 102. Ka6 Rxa7+ 103. Kxa7
1/2-1/2

[Event "Top16"]
[Site "Evry"]
[Date "2004.04.02"]
[Round "5"]
[White "Ruest, Olivier"]
[Black "Brochet, Philippe"]
[Result "0-1"]
[WhiteElo "2050"]
[BlackElo "2385"]
[PlyCount "70"]
[EventDate "2004.04.02"]
[WhiteTeam "Nancy"]
[BlackTeam "Evry"]

1. d4 d5 2. Nf3 c5 3. c4 dxc4 4. d5 Nf6 5. Nc3 a6 6. a4 e6 7. e4 Nxe4 8. Nxe4
exd5 9. Ned2 Nc6 10. Be2 Be7 11. O-O O-O 12. Ne1 Bf6 13. Bg4 b5 14. axb5 Bxg4
15. Qxg4 axb5 16. Rxa8 Qxa8 17. Ndf3 b4 18. Nc2 b3 19. Ne3 Nd4 20. Nxd4 cxd4
21. Nf5 Qa7 22. Bh6 g6 23. Bxf8 Kxf8 24. Nd6 Qc7 25. Qf4 Qe7 26. Ra1 Kg7 27.
Qg3 Qe6 28. Nb5 d3 29. Nc7 Qe4 30. f4 Bxb2 31. Re1 Qd4+ 32. Kh1 d2 33. Ne8+ Kf8
34. Rd1 Kxe8 35. f5 Kf8 0-1

[Event "Top16"]
[Site "Evry"]
[Date "2004.04.02"]
[Round "5"]
[White "Payen, Arnaud"]
[Black "Mann, Christian"]
[Result "1/2-1/2"]
[WhiteElo "2386"]
[BlackElo "2444"]
[PlyCount "49"]
[EventDate "2004.04.02"]
[WhiteTeam "Gonfreville"]
[BlackTeam "Strasbourg"]

1. d4 d5 2. c4 Nc6 3. Nf3 Bg4 4. Nc3 Bxf3 5. gxf3 e6 6. cxd5 exd5 7. Bf4 Bd6 8.
Nxd5 Bxf4 9. Nxf4 Qxd4 10. Qxd4 Nxd4 11. O-O-O Ne6 12. Nxe6 fxe6 13. Rg1 g6 14.
Bh3 Ke7 15. Rd3 Nf6 16. Re3 Rhd8 17. Bxe6 Kf8 18. f4 Rd4 19. f5 gxf5 20. Bxf5
Rf4 21. Bd3 Rxf2 22. Rh3 Re8 23. Rh6 Re7 24. Kd2 c5 25. Rh4 1/2-1/2

[Event "Top16"]
[Site "Evry"]
[Date "2004.04.02"]
[Round "5"]
[White "Wagner, Claude"]
[Black "Fressinet, Laurent"]
[Result "1/2-1/2"]
[WhiteElo "2357"]
[BlackElo "2636"]
[PlyCount "58"]
[EventDate "2004.04.02"]
[WhiteTeam "Bischwiller"]
[BlackTeam "NAO"]

1. d4 d5 2. Nf3 Nf6 3. c4 e6 4. Nc3 c6 5. e3 Nbd7 6. Qc2 Bd6 7. g4 dxc4 8. Bxc4
e5 9. g5 Nd5 10. Ne4 Bb4+ 11. Bd2 Bxd2+ 12. Qxd2 Qe7 13. dxe5 Nxe5 14. Nxe5
Qxe5 15. Bxd5 cxd5 16. Nc3 Qxg5 17. Qxd5 Qxd5 18. Nxd5 O-O 19. Ne7+ Kh8 20.
Nxc8 Raxc8 21. Rd1 g6 22. Ke2 Kg7 23. Rd4 Rc2+ 24. Rd2 Rfc8 25. Rhd1 Kf6 26.
Kf3 R8c6 27. b3 a5 28. Rxc2 Rxc2 29. Rd6+ Ke7 1/2-1/2

[Event "Top16"]
[Site "Evry"]
[Date "2004.04.02"]
[Round "5"]
[White "Bacrot, Etienne"]
[Black "Schenk, Andreas"]
[Result "1-0"]
[WhiteElo "2664"]
[BlackElo "2499"]
[PlyCount "81"]
[EventDate "2004.04.02"]
[WhiteTeam "NAO"]
[BlackTeam "Bischwiller"]

1. d4 Nf6 2. c4 e6 3. Nc3 Bb4 4. Nf3 c5 5. g3 Nc6 6. Bg2 d5 7. cxd5 Nxd5 8. Bd2
cxd4 9. Nxd4 Nxd4 10. Nxd5 Bxd2+ 11. Qxd2 Nc6 12. Qe3 Qa5+ 13. Nc3 Qb6 14.
O-O-O Qxe3+ 15. fxe3 Ke7 16. Bxc6 bxc6 17. Rd4 c5 18. Rc4 Bb7 19. Rd1 Rhc8 20.
e4 Rab8 21. Rd2 Ba6 22. Ra4 Rc6 23. e5 Rb4 24. Rd6 Rbb6 25. Ne4 f5 26. exf6+
gxf6 27. Rxc6 Rxc6 28. Ra5 f5 29. Nxc5 Bxe2 30. Kd2 Bf3 31. Rxa7+ Kd6 32. b4 h5
33. Ke3 Bd5 34. Kf4 Rc8 35. Ra6+ Rc6 36. Rxc6+ Bxc6 37. a4 Kd5 38. a5 e5+ 39.
Kxf5 Kd4 40. Ne6+ Kd5 41. a6 1-0

[Event "Top16"]
[Site "Evry"]
[Date "2004.04.02"]
[Round "5"]
[White "Gustafsson, Jan"]
[Black "Roos, Daniel"]
[Result "1-0"]
[WhiteElo "2572"]
[BlackElo "2411"]
[PlyCount "53"]
[EventDate "2004.04.02"]
[WhiteTeam "Gonfreville"]
[BlackTeam "Strasbourg"]

1. d4 c6 2. c4 d5 3. Nc3 Nf6 4. Nf3 a6 5. cxd5 cxd5 6. Bf4 Nc6 7. Rc1 e6 8. e3
Be7 9. h3 O-O 10. Bd3 b5 11. O-O Bb7 12. a4 b4 13. Nb1 Ne4 14. Nbd2 f5 15. Nb3
Rc8 16. Ne5 Nxe5 17. Rxc8 Bxc8 18. Bxe5 Bd7 19. f3 Nf6 20. Qa1 Qe8 21. Rc1 Bxa4
22. Nc5 Bb5 23. Bxb5 Qxb5 24. Nxe6 Rf7 25. Rc8+ Bf8 26. Qc1 Ne8 27. Rd8 1-0

[Event "Top16"]
[Site "Evry"]
[Date "2004.04.02"]
[Round "5"]
[White "Nielsen, Peter-Heine"]
[Black "Milliet, Sophie"]
[Result "1-0"]
[WhiteElo "2638"]
[BlackElo "2326"]
[PlyCount "67"]
[EventDate "2004.04.02"]
[WhiteTeam "NAO"]
[BlackTeam "Bischwiller"]

1. c4 c6 2. e4 d5 3. exd5 cxd5 4. d4 Nf6 5. Nc3 Nc6 6. Bg5 e6 7. Nf3 Be7 8. c5
O-O 9. Bb5 Bd7 10. O-O Rc8 11. Re1 b6 12. Bxc6 Bxc6 13. b4 a6 14. Ne5 bxc5 15.
bxc5 Qa5 16. Qd2 Bd8 17. Rab1 Nd7 18. Bf4 Nxe5 19. Bxe5 Bb5 20. Qe3 Bc7 21.
Bxc7 Rxc7 22. a4 Bc4 23. f4 Rcc8 24. Rb6 Rb8 25. Reb1 Rxb6 26. Rxb6 h6 27. Kf2
Rd8 28. Ke1 Rc8 29. Kd2 Rd8 30. g4 Kf8 31. h4 Re8 32. Qe5 Bf1 33. Qd6+ Kg8 34.
Rb8 1-0

[Event "Top16"]
[Site "Evry"]
[Date "2004.04.02"]
[Round "5"]
[White "Abergel, Thal"]
[Black "Spielmann, Alain"]
[Result "1-0"]
[WhiteElo "2441"]
[BlackElo "2257"]
[PlyCount "73"]
[EventDate "2004.04.02"]
[WhiteTeam "Evry"]
[BlackTeam "Nancy"]

1. d4 Nf6 2. Nf3 g6 3. Nc3 d5 4. Bf4 Bg7 5. Qd2 Ne4 6. Nxe4 dxe4 7. Ne5 b5 8.
e3 a6 9. Qc3 O-O 10. Nc6 Nxc6 11. Qxc6 Be6 12. Be2 Bd5 13. Qc5 Qd7 14. b3 Rfc8
15. c4 Bc6 16. O-O e6 17. Rfd1 Bf8 18. Qg5 Be7 19. Qg3 bxc4 20. Bxc4 Bb5 21. h4
Rab8 22. Rac1 Bxc4 23. Rxc4 Rb5 24. Bxc7 Bxh4 25. Qxh4 Rxc7 26. Qxe4 Rxc4 27.
bxc4 Ra5 28. Rd2 h5 29. Rc2 Qc7 30. c5 Rb5 31. g3 Rb1+ 32. Kg2 Qa5 33. c6 Qe1
34. Kh3 g5 35. c7 Qf1+ 36. Qg2 g4+ 37. Kh2 1-0

[Event "Top16"]
[Site "Evry"]
[Date "2004.04.02"]
[Round "5"]
[White "Kallai, Gabor"]
[Black "Beikert, Guenther"]
[Result "1/2-1/2"]
[WhiteElo "2497"]
[BlackElo "2449"]
[PlyCount "61"]
[EventDate "2004.04.02"]
[WhiteTeam "Strasbourg"]
[BlackTeam "Gonfreville"]

1. d4 Nf6 2. c4 e6 3. Nf3 b6 4. g3 Bb7 5. Bg2 Be7 6. O-O O-O 7. Nc3 Ne4 8. Qc2
Nxc3 9. Qxc3 d6 10. b3 Nd7 11. Bb2 c5 12. Rad1 Bf6 13. Qd2 Qc8 14. dxc5 dxc5
15. Qxd7 Bxb2 16. Qxc8 Rfxc8 17. Rd7 Bc6 18. Rd6 Bf6 19. Rfd1 Rab8 20. Nd2 Be8
21. Ne4 Be7 22. R6d2 Rd8 23. Nd6 Bxd6 24. Rxd6 Rxd6 25. Rxd6 Kf8 26. f4 Ke7 27.
Rd2 Rd8 28. Rxd8 Kxd8 29. Kf2 f6 30. Be4 h6 31. Bd3 1/2-1/2

[Event "Top16"]
[Site "Evry"]
[Date "2004.04.02"]
[Round "5"]
[White "Skripchenko, Almira"]
[Black "Heinz, Thimothee"]
[Result "1-0"]
[WhiteElo "2456"]
[BlackElo "2129"]
[PlyCount "55"]
[EventDate "2004.04.02"]
[WhiteTeam "NAO"]
[BlackTeam "Bischwiller"]

1. e4 c5 2. Nc3 d6 3. f4 g6 4. Nf3 Bg7 5. Bb5+ Bd7 6. a4 e6 7. f5 Nc6 8. Bxc6
bxc6 9. fxg6 fxg6 10. e5 dxe5 11. Ne4 Qe7 12. d3 Nf6 13. Bg5 O-O 14. O-O Qe8
15. Bxf6 Bxf6 16. Nxf6+ Rxf6 17. Qe2 Qe7 18. Qxe5 Rf5 19. Qc7 Qd8 20. Qd6 Rd5
21. Qg3 Qb8 22. Qxb8+ Rxb8 23. b3 e5 24. Rae1 Re8 25. Re3 Bg4 26. Nd2 Bf5 27.
g4 Bxg4 28. Ne4 1-0

[Event "Top16"]
[Site "Evry"]
[Date "2004.04.02"]
[Round "5"]
[White "Lautier, Joel"]
[Black "Pinter, Joszef"]
[Result "1/2-1/2"]
[WhiteElo "2676"]
[BlackElo "2501"]
[PlyCount "81"]
[EventDate "2004.04.02"]
[WhiteTeam "NAO"]
[BlackTeam "Bischwiller"]

1. d4 Nf6 2. c4 e6 3. Nf3 d5 4. Nc3 c5 5. cxd5 Nxd5 6. e4 Nxc3 7. bxc3 cxd4 8.
cxd4 Bb4+ 9. Bd2 Bxd2+ 10. Qxd2 O-O 11. Bc4 Nc6 12. O-O b6 13. Rad1 Na5 14. Bd3
Bb7 15. Rfe1 Rc8 16. d5 Qe7 17. Bb5 Nc4 18. d6 Qf6 19. Qb4 Ne5 20. Nxe5 Qxe5
21. d7 Rcd8 22. Ba4 g6 23. Qd6 Qxd6 24. Rxd6 Rb8 25. f3 Rfd8 26. Rc1 Kf8 27.
Rc7 Ke7 28. e5 Bd5 29. Rxa7 Bxa2 30. Bb5 Bd5 31. f4 Ra8 32. Rxa8 Rxa8 33. Rxb6
h5 34. Kf2 Kd8 35. Ke3 Bxg2 36. h4 Bd5 37. Kd4 Ke7 38. Kc5 Bf3 39. Rd6 Bd5 40.
Rb6 Bf3 41. Rd6 1/2-1/2

[Event "Top16"]
[Site "Evry"]
[Date "2004.04.02"]
[Round "5"]
[White "Kogan, Arthur"]
[Black "Philippe, Christophe"]
[Result "1-0"]
[WhiteElo "2543"]
[BlackElo "2358"]
[PlyCount "93"]
[EventDate "2004.04.02"]
[WhiteTeam "Evry"]
[BlackTeam "Nancy"]

1. d4 Nf6 2. Nf3 e6 3. c4 c5 4. d5 d6 5. Nc3 exd5 6. cxd5 g6 7. Bf4 a6 8. a4
Bg7 9. e3 O-O 10. Be2 Bg4 11. O-O Bxf3 12. Bxf3 Qe7 13. Qb3 Qc7 14. a5 Nbd7 15.
Na4 Rae8 16. Rfc1 Ne5 17. Be2 Nfd7 18. Qd1 Qd8 19. Qd2 g5 20. Bg3 f5 21. Ra3
Qf6 22. f3 f4 23. exf4 gxf4 24. Bf2 Rf7 25. Rb3 Bh6 26. Bf1 Qg6 27. Qc2 Qh5 28.
Re1 Rg7 29. Kh1 Nf6 30. Nb6 Rge7 31. Rd1 Nf7 32. Rbd3 Ne5 33. Rc3 Kh8 34. b4
cxb4 35. Rb3 Bg7 36. Qd2 Qh6 37. Rxb4 Nh5 38. Nc4 Nxc4 39. Rxc4 Be5 40. g4 Nf6
41. Qc2 Qg6 42. Qxg6 hxg6 43. g5 Nh5 44. Bd3 Kg7 45. Rb1 Rd7 46. Bc2 Ree7 47.
Bb6 1-0

[Event "Top16"]
[Site "Evry"]
[Date "2004.04.02"]
[Round "5"]
[White "Sulava, Nenad"]
[Black "Pelletier, Yannick"]
[Result "1/2-1/2"]
[WhiteElo "2477"]
[BlackElo "2587"]
[PlyCount "69"]
[EventDate "2004.04.02"]
[WhiteTeam "Nice"]
[BlackTeam "Mulhouse"]

1. Nf3 Nf6 2. c4 e6 3. g3 b6 4. Bg2 Bb7 5. O-O c5 6. Nc3 Be7 7. d4 cxd4 8. Qxd4
d6 9. Bg5 a6 10. Bxf6 Bxf6 11. Qd3 Ra7 12. Rad1 Be7 13. Nd4 Bxg2 14. Kxg2 Qc8
15. f4 Nc6 16. f5 Ne5 17. Qe4 O-O 18. fxe6 fxe6 19. Rxf8+ Bxf8 20. Nf3 Nxf3 21.
exf3 Rc7 22. Re1 Rxc4 23. Qxe6+ Qxe6 24. Rxe6 Rd4 25. Kf2 Kf7 26. Re4 Rd2+ 27.
Re2 Rxe2+ 28. Kxe2 Ke6 29. Kd3 d5 30. Ne2 g5 31. Nd4+ Kf6 32. Nc2 Bc5 33. Nd4
Bd6 34. Ne2 h5 35. b3 1/2-1/2

[Event "Top16"]
[Site "Evry"]
[Date "2004.04.02"]
[Round "5"]
[White "Nataf, Igor-Alexandre"]
[Black "Netzer, Jean"]
[Result "1-0"]
[WhiteElo "2578"]
[BlackElo "2325"]
[PlyCount "103"]
[EventDate "2004.04.02"]
[WhiteTeam "NAO"]
[BlackTeam "Bischwiller"]

1. e4 e5 2. Nf3 Nc6 3. d4 exd4 4. Nxd4 Nf6 5. Nxc6 bxc6 6. e5 Qe7 7. Qe2 Nd5 8.
c4 Ba6 9. b3 O-O-O 10. g3 g5 11. Bb2 Bg7 12. Nd2 Rde8 13. O-O-O Nb6 14. f4 Kb8
15. Kb1 Bb7 16. Ne4 h6 17. Qc2 Rhg8 18. Bg2 gxf4 19. gxf4 c5 20. Ng3 Bxg2 21.
Qxg2 Bh8 22. a4 a6 23. a5 Nc8 24. Qd5 d6 25. Nf5 Qe6 26. exd6 cxd6 27. Bxh8
Rxh8 28. Nxd6 Nxd6 29. Qxd6+ Qxd6 30. Rxd6 Re2 31. Rhd1 Rxh2 32. Rd8+ Rxd8 33.
Rxd8+ Kc7 34. Ra8 Rf2 35. Ra7+ Kb8 36. Rxa6 Rxf4 37. Rxh6 Kb7 38. Kb2 Rf1 39.
a6+ Ka7 40. Rc6 f5 41. Rxc5 Kxa6 42. Rb5 f4 43. b4 f3 44. Rf5 Kb6 45. Rf6+ Kc7
46. b5 Kb7 47. Kb3 Kc7 48. Kb4 f2 49. Kc5 Kd7 50. b6 Ke7 51. Rf3 Ke8 52. b7 1-0

[Event "Top16"]
[Site "Evry"]
[Date "2004.04.02"]
[Round "5"]
[White "Koch, Jean-Rene"]
[Black "Leski, Marc"]
[Result "1/2-1/2"]
[WhiteElo "2445"]
[BlackElo "2417"]
[PlyCount "48"]
[EventDate "2004.04.02"]
[WhiteTeam "Mulhouse"]
[BlackTeam "Nice"]

1. c4 e5 2. e3 Nf6 3. Nc3 Bb4 4. Nge2 O-O 5. a3 Bxc3 6. Nxc3 d5 7. cxd5 Nxd5 8.
Qc2 c5 9. Be2 Be6 10. O-O Nd7 11. d3 Rc8 12. Bd2 Qh4 13. Bf3 N7b6 14. Nb5 c4
15. Nxa7 cxd3 16. Qxd3 Ra8 17. Nb5 Nf6 18. g3 Qc4 19. Qxc4 Bxc4 20. Nd6 Bxf1
21. Rxf1 Rfd8 22. Bb4 Rd7 23. Bxb7 Rad8 24. a4 Nxa4 1/2-1/2

[Event "Top16"]
[Site "Evry"]
[Date "2004.04.02"]
[Round "5"]
[White "Mourot, Felix"]
[Black "Bergez, Luc"]
[Result "1-0"]
[WhiteElo "2114"]
[BlackElo "2380"]
[PlyCount "124"]
[EventDate "2004.04.02"]
[WhiteTeam "Nancy"]
[BlackTeam "Evry"]

1. d4 Nf6 2. c4 c5 3. d5 b5 4. cxb5 a6 5. bxa6 Bxa6 6. Nc3 d6 7. Nf3 g6 8. g3
Bg7 9. Bg2 O-O 10. Rb1 Nbd7 11. O-O Nb6 12. b3 Bb7 13. Ne1 Ra7 14. Bb2 Qa8 15.
e4 Rd8 16. Nc2 e6 17. Ne3 exd5 18. exd5 Ba6 19. Re1 Re7 20. Qc2 Rde8 21. Red1
h5 22. a4 Rxe3 23. fxe3 Ng4 24. Ne4 Nxe3 25. Qd2 Nxd1 26. Bxg7 Kxg7 27. Rxd1
Qb8 28. Qf4 Rd8 29. Qf6+ Kg8 30. Ng5 Rd7 31. a5 Nc8 32. Re1 Na7 33. Re7 Rxe7
34. Qxe7 Qb7 35. Qd8+ Kg7 36. Qxd6 Qxb3 37. Qxa6 Nb5 38. Ne4 c4 39. Qf6+ Kg8
40. d6 c3 41. Qf1 Nxd6 42. Qd3 Nb5 43. a6 Qb2 44. Qd8+ Kh7 45. Qf6 Qb3 46. a7
Nxa7 47. Nxc3 Nb5 48. Nxb5 Qxb5 49. Qxf7+ Kh6 50. h4 Qc5+ 51. Kh2 Qc2 52. Qe6
Kg7 53. Kh3 Qf2 54. Qe5+ Kh7 55. Qf4 Qa7 56. Be4 Qd7+ 57. Kh2 Qe6 58. Qc7+ Kh6
59. Qc2 g5 60. hxg5+ Kxg5 61. Qd2+ Kf6 62. Qh6+ Ke5 1-0

[Event "Top16"]
[Site "Evry"]
[Date "2004.04.02"]
[Round "5"]
[White "Bujisho, Benjamin"]
[Black "Bricard, Emmanuel"]
[Result "0-1"]
[WhiteElo "2385"]
[BlackElo "2453"]
[PlyCount "80"]
[EventDate "2004.04.02"]
[WhiteTeam "Nice"]
[BlackTeam "Mulhouse"]

1. e4 c5 2. Nc3 Nc6 3. g3 g6 4. Bg2 Bg7 5. d3 d6 6. Be3 e5 7. f4 Nge7 8. Nf3
exf4 9. Bxf4 O-O 10. O-O h6 11. Qd2 Kh7 12. Rae1 Be6 13. Nb5 Ne5 14. c4 N7c6
15. Nxe5 Nxe5 16. Nc3 a6 17. h3 b5 18. b3 b4 19. Ne2 Qb6 20. Kh2 a5 21. Rd1 a4
22. d4 axb3 23. axb3 Nxc4 24. bxc4 Bxc4 25. dxc5 dxc5 26. Qc2 Qb5 27. Nc1 b3
28. Nxb3 Bxb3 29. Rb1 Bxc2 30. Rxb5 Bd3 31. Rxc5 Bxf1 32. Bxf1 Ra2+ 33. Bg2 g5
34. Bd6 Re8 35. Rc4 Be5 36. Bxe5 Rxe5 37. g4 Rb5 38. Rc1 Rbb2 39. Rg1 Re2 40.
Kg3 Re3+ 0-1

[Event "Top16"]
[Site "Evry"]
[Date "2004.04.02"]
[Round "5"]
[White "Roos, Louis"]
[Black "Midoux, Sebastien"]
[Result "1-0"]
[WhiteElo "2362"]
[BlackElo "2315"]
[PlyCount "66"]
[EventDate "2004.04.02"]
[WhiteTeam "Strasbourg"]
[BlackTeam "Gonfreville"]

1. c4 c6 2. Nf3 d5 3. e3 Nf6 4. b3 Bg4 5. Bb2 Nbd7 6. h3 Bh5 7. Be2 Bxf3 8.
Bxf3 e5 9. cxd5 cxd5 10. Nc3 e4 11. Be2 a6 12. d3 Rc8 13. a3 Bd6 14. Rc1 Bb8
15. g4 exd3 16. Bxd3 d4 17. exd4 Nb6 18. Qe2+ Kf8 19. Qf3 Rc7 20. O-O Qd6 21.
Rfe1 h6 22. Ne4 Nxe4 23. Qxe4 Re7 24. Qxe7+ Qxe7 25. Rxe7 Kxe7 26. Be4 h5 27.
Bxb7 hxg4 28. hxg4 Rh3 29. Rc3 Rh4 30. Bf3 a5 31. Rc5 a4 32. Rb5 Bc7 33. Bc3
axb3 1-0

[Event "Top16"]
[Site "Evry"]
[Date "2004.04.02"]
[Round "5"]
[White "Nicoara, Malina"]
[Black "Muller, Anne"]
[Result "1-0"]
[WhiteElo "2252"]
[BlackElo "2227"]
[PlyCount "65"]
[EventDate "2004.04.02"]
[WhiteTeam "Nice"]
[BlackTeam "Mulhouse"]

1. d4 Nf6 2. c4 e6 3. Nc3 Bb4 4. Qc2 c5 5. dxc5 O-O 6. a3 Bxc5 7. Nf3 b6 8. Bg5
Bb7 9. e4 h6 10. Bh4 Be7 11. Be2 a6 12. O-O Nh5 13. Bxe7 Qxe7 14. Qd2 Nf6 15.
Qd4 Qc5 16. Rfd1 Qxd4 17. Rxd4 Nc6 18. Rd6 Rfd8 19. Rad1 Rdb8 20. e5 Ng4 21.
Rxd7 Ngxe5 22. Nxe5 Nxe5 23. Rc7 g5 24. Rd6 Bc6 25. Rcxc6 Nxc6 26. Rxc6 Ra7 27.
b4 Kg7 28. f3 Kf6 29. Nd5+ Ke5 30. Nxb6 Rd8 31. c5 h5 32. Kf2 h4 33. Rd6 1-0

[Event "Top16"]
[Site "Evry"]
[Date "2004.04.02"]
[Round "5"]
[White "Roos, Jean-Luc"]
[Black "Eliet, Nicolas"]
[Result "1-0"]
[WhiteElo "2330"]
[BlackElo "2413"]
[PlyCount "77"]
[EventDate "2004.04.02"]
[WhiteTeam "Strasbourg"]
[BlackTeam "Gonfreville"]

1. d4 Nf6 2. Nf3 e6 3. c4 d5 4. Nc3 c6 5. e3 Nbd7 6. Qc2 b6 7. Bd3 Bb7 8. O-O
Bd6 9. e4 dxe4 10. Nxe4 Nxe4 11. Bxe4 Qc7 12. Re1 h6 13. Be3 O-O 14. c5 Bf4 15.
Bxf4 Qxf4 16. b4 bxc5 17. bxc5 Rfd8 18. Rab1 Qc7 19. Qa4 Rdc8 20. Rb2 a5 21.
Ne5 Nxe5 22. dxe5 Ba6 23. Bb1 Rd8 24. Qe4 g6 25. h4 h5 26. Qe3 Rd5 27. Be4 Qxe5
28. Bxd5 Qxb2 29. Bxc6 Rd8 30. a4 Qb4 31. Rc1 Rd3 32. Qe5 Rd2 33. g3 Re2 34.
Qf6 Bc4 35. Be8 e5 36. c6 Re1+ 37. Rxe1 Qxe1+ 38. Kh2 Bd5 39. Bxf7+ 1-0

[Event "Top16"]
[Site "Evry"]
[Date "2004.04.02"]
[Round "5"]
[White "Toulzac, Pierre-Yves"]
[Black "Saatdjian, Thomas"]
[Result "1-0"]
[WhiteElo "2309"]
[BlackElo "2070"]
[PlyCount "77"]
[EventDate "2004.04.02"]
[WhiteTeam "Evry"]
[BlackTeam "Nancy"]

1. d4 Nf6 2. c4 c5 3. d5 b5 4. cxb5 a6 5. bxa6 Bxa6 6. Nc3 g6 7. g3 Bg7 8. Bg2
d6 9. Nh3 Nbd7 10. Rb1 Qa5 11. Bd2 O-O 12. b3 Rfb8 13. O-O Qc7 14. Qc2 Nb6 15.
Nf4 Nfd7 16. h4 Ne5 17. a4 Qd8 18. Be4 Bc8 19. h5 Bd7 20. hxg6 hxg6 21. Kg2 c4
22. Rh1 Qc8 23. Bxg6 fxg6 24. Nxg6 Nxg6 25. Qxg6 Bf5 26. Qh5 Bxb1 27. e4 Qe8
28. Qh7+ Kf8 29. Bh6 Qf7 30. Qh8+ Qg8 31. Bxg7+ Kf7 32. Qh5+ Kxg7 33. Rh4 e5
34. Rg4+ Kf8 35. Qh6+ Ke7 36. Rxg8 Rxg8 37. Qe6+ Kf8 38. Qxd6+ Kf7 39. Qxb6 1-0

[Event "Top16"]
[Site "Evry"]
[Date "2004.04.02"]
[Round "5"]
[White "Mensch, Etienne"]
[Black "Hauchard, Arnaud"]
[Result "1/2-1/2"]
[WhiteElo "2355"]
[BlackElo "2499"]
[PlyCount "67"]
[EventDate "2004.04.02"]
[WhiteTeam "Bischwiller"]
[BlackTeam "NAO"]

1. d4 Nf6 2. c4 e6 3. Nc3 Bb4 4. g3 c5 5. Nf3 O-O 6. Bg2 d6 7. O-O Nbd7 8. Nb5
Qe7 9. a3 Ba5 10. b4 Bb6 11. bxc5 dxc5 12. Bf4 Ne8 13. d5 e5 14. d6 Qe6 15. Ng5
Qxc4 16. Qb1 Nef6 17. Rc1 Qa4 18. Nc3 Qa6 19. Be3 h6 20. Nge4 Ng4 21. Nd5 Nxe3
22. Nxe3 Bd8 23. Qa2 Rb8 24. Nd5 b5 25. Ne7+ Bxe7 26. dxe7 Re8 27. Nxc5 Nxc5
28. Rxc5 Rxe7 29. Rac1 Bb7 30. Rc7 Qf6 31. Bxb7 Rxb7 32. Rxb7 Rxb7 33. Rc8+ Kh7
34. Qd5 1/2-1/2

[Event "Top16"]
[Site "Evry"]
[Date "2004.04.02"]
[Round "5"]
[White "Nezar, Mustapha"]
[Black "Hernandez, Gilberto"]
[Result "1/2-1/2"]
[WhiteElo "2396"]
[BlackElo "2538"]
[PlyCount "78"]
[EventDate "2004.04.02"]
[WhiteTeam "Nancy"]
[BlackTeam "Evry"]

1. e4 c5 2. Nf3 Nc6 3. c4 e5 4. g3 d6 5. Bg2 Be7 6. Nc3 f5 7. d3 Nf6 8. O-O O-O
9. exf5 Bxf5 10. Ng5 Qd7 11. Be3 Kh8 12. Nge4 Rae8 13. Qd2 Bd8 14. Nxf6 Bxf6
15. a3 b6 16. Rfe1 Rd8 17. Nd5 Ne7 18. Nxf6 Rxf6 19. b4 h6 20. f4 Ng6 21. Rf1
Rdf8 22. Rf2 Bh3 23. Bxh3 Qxh3 24. Raf1 Qg4 25. Kh1 Kh7 26. Rf3 exf4 27. Bxf4
Nxf4 28. Rxf4 Rxf4 29. Rxf4 Rxf4 30. gxf4 Qf3+ 31. Kg1 h5 32. bxc5 bxc5 33. a4
a6 34. a5 h4 35. Qf2 Qg4+ 36. Kf1 Kh6 37. Qe3 h3 38. Qe4 g6 39. Kf2 Qh4+
1/2-1/2